|
|
|
|
| LEADER |
00000nam0a2200000 4500 |
| 001 |
146100 |
| 005 |
20231031144504.0 |
| 020 |
|
|
|a RU
|b 85-77002
|
| 035 |
|
|
|a (RuTPU)RU\TPU\book\158365
|
| 090 |
|
|
|a 146100
|
| 100 |
|
|
|a 20081027d1985 m y0rusy5003 ca
|
| 101 |
0 |
|
|a rus
|
| 102 |
|
|
|a UA
|
| 105 |
|
|
|a a z 000ay
|
| 200 |
1 |
|
|a Весна в холодных ладонях
|e рассказы, повесть
|f Н. М. Омельченко
|
| 210 |
|
|
|a Киев
|c Радянськый пысьмэннык
|d 1985
|
| 215 |
|
|
|a 262 с.
|c ил.
|
| 333 |
|
|
|a Исключено из фонда НТБ ТПУ
|
| 700 |
|
1 |
|a Омельченко
|b Н. М.
|g Николай Михайлович
|
| 801 |
|
0 |
|a RU
|b RuMRKP
|c 19950704
|g psbo
|
| 801 |
|
1 |
|a RU
|b 63413507
|c 20081027
|g PSBO
|
| 801 |
|
2 |
|a RU
|b 63413507
|c 20220516
|g PSBO
|
| 942 |
|
|
|c BK
|